[Event "TUR-chT 1st League"]
[Site "Denizli"]
[Date "2023.07.12"]
[Round "6.75"]
[White "Yorgun, Yaren Naz"]
[Black "Incecik, Seyma Zeynep"]
[Result "0-1"]
[WhiteElo "1780"]
[BlackElo "1795"]
[PlyCount "124"]
[EventDate "2023.07.09"]
[EventType "team-swiss"]
[EventRounds "9"]
[EventCountry "TUR"]
[SourceTitle "CBM 215 Extra"]
[Source "ChessBase"]
[SourceDate "2023.09.30"]
[SourceVersion "1"]
[SourceVersionDate "2023.09.30"]
[SourceQuality "1"]
[WhiteTeam "Bursa Deneyim"]
[BlackTeam "Varyant Genclik"]
[WhiteTeamCountry "TUR"]
[BlackTeamCountry "TUR"]

1. e4 c6 2. d4 d5 3. e5 c5 4. dxc5 Nc6 5. Nf3 Bg4 6. Be2 e6 7. a3 Bxc5 8. Nbd2 Nge7 9. b4 Bb6 10. Bb2 Ng6 11. h3 Bxf3 12. Nxf3 Bc7 13. Bb5 0-0 14. Bxc6 bxc6 15. 0-0 Qb8 16. Qd4 Bb6 17. Qd3 c5 18. c4 dxc4 19. Qxc4 cxb4 20. axb4 Rc8 21. Qe4 Qc7 22. Rac1 Qd8 23. Rfd1 Rxc1 24. Rxc1 h6 25. Bd4 Rb8 26. Bxb6 Qxb6 27. Ra1 Ne7 28. Qd4 Nc6 29. Qxb6 Rxb6 30. Nd2 Rxb4 31. Ra6 Rb6 32. Ra2 a5 33. Nc4 Rb5 34. f4 Rb4 35. Nxa5 Nxa5 36. Rxa5 Rxf4 37. g4 h5 38. gxh5 Rf5 39. h6 gxh6 40. Kg2 Kg7 41. Kg3 Kg6 42. Kg4 f6 43. Ra8 Rxe5 44. Rg8+ Kf7 45. Rh8 Kg7 46. Re8 Rg5+ 47. Kh4 Re5 48. Kg4 Re3 49. h4 Re4+ 50. Kh5 Re5+ 51. Kg4 h5+ 52. Kf4 Re1 53. Re7+ Kg6 54. Re8 e5+ 55. Kf3 Rb1 56. Rh8 Rb4 57. Kg3 Rg4+ 58. Kh3 f5 59. Rg8+ Kf7 60. Rh8 Kg6 61. Rg8+ Kh7 62. Rf8 Rf4 0-1

[Event "TUR-chT 2nd League"]
[Site "Konya"]
[Date "2022.08.26"]
[Round "7.1"]
[White "Duran, Esma Doga"]
[Black "Yorgun, Yaren Naz"]
[Result "1-0"]
[WhiteElo "1976"]
[BlackElo "1829"]
[PlyCount "121"]
[EventDate "2022.08.22"]
[EventType "team-swiss"]
[EventRounds "9"]
[EventCountry "TUR"]
[SourceTitle "CBM 210 Extra"]
[Source "ChessBase"]
[SourceDate "2022.11.30"]
[SourceVersion "1"]
[SourceVersionDate "2022.11.30"]
[SourceQuality "1"]
[WhiteTeam "Seyhan Belediye"]
[BlackTeam "Bursa Deneyim"]
[WhiteTeamCountry "TUR"]
[BlackTeamCountry "TUR"]

1. Nf3 d5 2. d4 Nf6 3. c4 e6 4. Nc3 c6 5. g3 Be7 6. Bg2 Nbd7 7. 0-0 0-0 8. Nd2 Re8 9. e4 dxe4 10. Ndxe4 Nxe4 11. Nxe4 Nf6 12. Nc3 Qc7 13. Bf4 Bd6 14. Bg5 Be7 15. Qb3 h6 16. Bf4 Bd6 17. Bxd6 Qxd6 18. Rad1 Rb8 19. Qa4 a6 20. d5 cxd5 21. cxd5 Bd7 22. dxe6 Qxe6 23. Qf4 Qf5 24. Qb4 b6 25. Rd6 a5 26. Qd4 b5 27. Nd5 Be6 28. Nc7 Rec8 29. Nxe6 fxe6 30. Re1 Rc4 31. Qa7 Rbc8 32. Rdxe6 R4c7 33. Qxa5 Ng4 34. Re8+ Kf7 35. R8e2 Nf6 36. Re5 Qc2 37. Qxb5 Qd2 38. Qb3+ Kf8 39. R5e2 Qd4 40. Bh3 Rd8 41. Be6 h5 42. Qa3+ Qd6 43. Qxd6+ Rxd6 44. a4 Ra7 45. b3 Rd8 46. Bc4 Rb8 47. Re5 Rd8 48. a5 Rda8 49. b4 Rb8 50. Rb1 Rc8 51. Be6 Rc2 52. Bb3 Rd2 53. Bc4 Rc7 54. Rc5 Re7 55. a6 g6 56. Rc8+ Kg7 57. b5 Ng4 58. Rg8+ Kh7 59. Rf8 Rc7 60. b6 Rxc4 61. b7 1-0

[Event "TUR-chT Clubs"]
[Site "Konya"]
[Date "2019.07.21"]
[Round "9.2"]
[White "Aydin, Gulenay"]
[Black "Yorgun, Yaren Naz"]
[Result "1/2-1/2"]
[WhiteElo "1934"]
[BlackElo "1819"]
[PlyCount "60"]
[EventDate "2019.07.16"]
[EventType "team-swiss"]
[EventRounds "9"]
[EventCountry "TUR"]
[SourceTitle "CBM 191 Extra"]
[Source "ChessBase"]
[SourceDate "2019.09.30"]
[SourceVersion "1"]
[SourceVersionDate "2019.09.30"]
[SourceQuality "1"]
[WhiteTeam "Canakkale Doruk"]
[BlackTeam "Borcelik Bursa Deneyim"]
[WhiteTeamCountry "TUR"]
[BlackTeamCountry "TUR"]

1. e4 c6 2. Ne2 d5 3. e5 c5 4. c3 Nc6 5. d4 e6 6. Be3 Nge7 7. Ng3 Qb6 8. Qd2 Ng6 9. Be2 cxd4 10. cxd4 Bb4 11. Nc3 Ngxe5 12. dxe5 d4 13. Bxd4 Qxd4 14. Qxd4 Nxd4 15. 0-0-0 Bxc3 16. bxc3 Nxe2+ 17. Nxe2 Bd7 18. Nd4 Rc8 19. Kb2 Ke7 20. Rd2 Rc7 21. Rc1 Rhc8 22. g3 Bc6 23. Nxc6+ Rxc6 24. Rd3 Rd8 25. Rcd1 Rxd3 26. Rxd3 Rb6+ 27. Kc2 Ra6 28. Kb3 Rb6+ 29. Kc2 Ra6 30. Kb3 Rb6+ 1/2-1/2

[Event "TUR-chT Clubs"]
[Site "Konya"]
[Date "2019.07.17"]
[Round "2.6"]
[White "Yorgun, Yaren Naz"]
[Black "Aslan, Rengin"]
[Result "1-0"]
[WhiteElo "1819"]
[BlackElo "1338"]
[PlyCount "91"]
[EventDate "2019.07.16"]
[EventType "team-swiss"]
[EventRounds "9"]
[EventCountry "TUR"]
[SourceTitle "CBM 191 Extra"]
[Source "ChessBase"]
[SourceDate "2019.09.30"]
[SourceVersion "1"]
[SourceVersionDate "2019.09.30"]
[SourceQuality "1"]
[WhiteTeam "Borcelik Bursa Deneyim"]
[BlackTeam "Sinop Kultur"]
[WhiteTeamCountry "TUR"]
[BlackTeamCountry "TUR"]

1. e4 e5 2. Nf3 Nc6 3. Bc4 Bc5 4. c3 Nf6 5. d4 exd4 6. e5 d5 7. Bb5 Ne4 8. cxd4 Bb6 9. Nc3 0-0 10. Be3 Bg4 11. h3 Bh5 12. Qc2 Bg6 13. Qb3 Ba5 14. 0-0 Bxc3 15. bxc3 Ne7 16. Bg5 c6 17. Be2 Qd7 18. Bxe7 Qxe7 19. a4 f6 20. c4 Rad8 21. Rad1 Kh8 22. c5 Bh5 23. Qe3 Bxf3 24. Bxf3 fxe5 25. Bxe4 dxe4 26. Qxe4 Rde8 27. Rde1 Rf4 28. Qxf4 exf4 29. Rxe7 Rxe7 30. Rb1 Kg8 31. g3 f3 32. g4 Kf8 33. Kh2 Rf7 34. Kg3 h6 35. Rb3 g6 36. Rxf3 Rxf3+ 37. Kxf3 Ke7 38. Ke4 Ke6 39. f4 h5 40. a5 a6 41. gxh5 gxh5 42. f5+ Kf6 43. Kf4 h4 44. Kg4 Kf7 45. Kxh4 Kf6 46. Kg4 1-0

[Event "Wch U20 Girls 36th"]
[Site "Manavgat"]
[Date "2018.09.10"]
[Round "6"]
[White "Yorgun, Yaren Naz"]
[Black "Caballero Quijano, Mitzy Mishell"]
[Result "1-0"]
[WhiteElo "1751"]
[BlackElo "2034"]
[PlyCount "131"]
[EventDate "2018.09.05"]
[EventType "swiss"]
[EventRounds "11"]
[EventCountry "TUR"]
[SourceTitle "CBM 186 Extra"]
[Source "ChessBase"]
[SourceDate "2018.08.24"]
[SourceVersion "1"]
[SourceVersionDate "2018.08.24"]
[SourceQuality "1"]

1. e4 d6 2. d4 g6 3. Nc3 Bg7 4. g3 Nf6 5. Bg2 Nc6 6. Nge2 e5 7. dxe5 Nxe5 8. 0-0 0-0 9. Nf4 Re8 10. Nd3 c6 11. Nxe5 dxe5 12. Qxd8 Rxd8 13. h3 b5 14. Be3 Be6 15. Rad1 Nd7 16. Rd6 Rdc8 17. Rfd1 Nb6 18. b3 Bf8 19. R6d3 b4 20. Ne2 c5 21. f4 c4 22. R3d2 f6 23. g4 Bf7 24. g5 fxg5 25. fxe5 Re8 26. Bxg5 Rxe5 27. Bf6 Ree8 28. e5 Rac8 29. Nd4 Bc5 30. Kh2 Bxd4 31. Rxd4 Be6 32. Bf3 cxb3 33. cxb3 Rc2+ 34. R1d2 Rxd2+ 35. Rxd2 Nd7 36. Bc6 Nxf6 37. Bxe8 Nxe8 38. Rd8 Kf7 39. Ra8 Bd5 40. Rxa7+ Ke6 41. Rxh7 Bc6 42. Rh4 Kxe5 43. Rxb4 Nf6 44. a4 Kd5 45. Rb8 Kd6 46. a5 Kc7 47. Rf8 Nd7 48. Rg8 Be4 49. b4 Kc6 50. Rc8+ Kb5 51. Re8 Bf5 52. Kg3 Kxb4 53. a6 Nb6 54. a7 Kb5 55. a8Q Nxa8 56. Rxa8 Kc6 57. Rd8 Kc7 58. Rd4 Bd7 59. h4 Bf5 60. Kf4 Bb1 61. Kg5 Kc6 62. Kf6 Kc5 63. Rg4 Kd6 64. Rxg6 Bxg6 65. Kxg6 Ke7 66. Kg7 1-0

[Event "Wch U20 Girls 36th"]
[Site "Manavgat"]
[Date "2018.09.07"]
[Round "3"]
[White "Tian, Shi Yuan"]
[Black "Yorgun, Yaren Naz"]
[Result "0-1"]
[WhiteElo "1923"]
[BlackElo "1751"]
[PlyCount "106"]
[EventDate "2018.09.05"]
[EventType "swiss"]
[EventRounds "11"]
[EventCountry "TUR"]
[SourceTitle "CBM 186 Extra"]
[Source "ChessBase"]
[SourceDate "2018.08.24"]
[SourceVersion "1"]
[SourceVersionDate "2018.08.24"]
[SourceQuality "1"]

1. d4 d5 2. c4 e6 3. Nc3 Nf6 4. cxd5 exd5 5. Bg5 Nbd7 6. e3 c6 7. Bd3 Be7 8. Qc2 0-0 9. Nge2 Re8 10. 0-0 Nf8 11. Rae1 Nh5 12. Bxe7 Qxe7 13. Bf5 Bxf5 14. Qxf5 Nf6 15. Qc2 Ne6 16. f3 c5 17. Qd2 Rad8 18. Ng3 cxd4 19. Nf5 Qb4 20. Nxd4 Nxd4 21. Qxd4 Qxd4 22. exd4 Kf8 23. Kf2 Ng8 24. Rxe8+ Kxe8 25. Re1+ Ne7 26. Re5 f6 27. Re2 Kf7 28. Ke3 Nc6 29. Kd3 Nb4+ 30. Kd2 Nc6 31. Re3 Nxd4 32. Rd3 Nc6 33. Rxd5 Rxd5+ 34. Nxd5 Ke6 35. Nc7+ Kd7 36. Nb5 a6 37. Nc3 Ne5 38. b3 Kd6 39. Ne4+ Kd5 40. Ng3 Ke6 41. Ke3 Nc6 42. Ne2 Nb4 43. a4 Ke5 44. f4+ Kd5 45. Nc3+ Kd6 46. g3 Nd5+ 47. Nxd5 Kxd5 48. f5 Ke5 49. g4 h5 50. Kf3 hxg4+ 51. Kxg4 a5 52. Kh5 Kxf5 53. h4 g5 0-1

[Event "TUR-chT"]
[Site "Ankara"]
[Date "2018.08.03"]
[Round "10.2"]
[White "Keskin, Elif"]
[Black "Yorgun, Yaren Naz"]
[Result "1/2-1/2"]
[WhiteElo "1719"]
[BlackElo "1737"]
[PlyCount "129"]
[EventDate "2018.07.25"]
[EventType "team-tourn"]
[EventRounds "13"]
[EventCountry "TUR"]
[SourceTitle "CBM 185 Extra"]
[Source "ChessBase"]
[SourceDate "2018.07.29"]
[SourceVersion "1"]
[SourceVersionDate "2018.07.29"]
[SourceQuality "1"]
[WhiteTeam "Gokceada Spor"]
[BlackTeam "Darassufaka Spor"]
[WhiteTeamCountry "TUR"]
[BlackTeamCountry "TUR"]

1. d4 d5 2. c4 e6 3. cxd5 exd5 4. Nc3 Nf6 5. Bg5 Nbd7 6. e3 c6 7. Bd3 Be7 8. Qc2 0-0 9. h3 Re8 10. Nf3 Nf8 11. g4 Be6 12. 0-0-0 b5 13. Rdg1 N6d7 14. Bf4 a6 15. Kb1 c5 16. Bf5 b4 17. Ne2 c4 18. e4 Nb6 19. Ne5 Rc8 20. g5 dxe4 21. Bxe6 Nxe6 22. Qxe4 Qd5 23. f3 Qxe4+ 24. fxe4 Nxf4 25. Nxf4 Bd6 26. Rd1 Bxe5 27. dxe5 Rxe5 28. Rd6 Rxe4 29. Rxb6 Rxf4 30. Rxb4 f6 31. gxf6 Rxf6 32. h4 c3 33. bxc3 Rxc3 34. Rb8+ Rf8 35. Rb7 Rcf3 36. Kc2 Rf2+ 37. Kb1 Rf1+ 38. Rxf1 Rxf1+ 39. Kb2 Rf6 40. Kb3 g6 41. a4 h6 42. a5 g5 43. hxg5 hxg5 44. Rb6 Kg7 45. Kc4 Kg6 46. Kd3 Kf5 47. Ke3 Ke5 48. Rxf6 Kxf6 49. Kf3 Kf5 50. Kg3 Ke5 51. Kg4 Kf6 52. Kf3 Kf5 53. Kg3 g4 54. Kg2 Kf4 55. Kf2 g3+ 56. Kg2 Kg4 57. Kg1 Kf3 58. Kf1 Ke4 59. Kg2 Kd4 60. Kxg3 Kc3 61. Kf3 Kb4 62. Ke3 Kxa5 63. Kd3 Kb4 64. Kc2 Ka3 65. Kb1 1/2-1/2

[Event "TUR-chT"]
[Site "Ankara"]
[Date "2018.07.27"]
[Round "3.1"]
[White "Yorgun, Yaren Naz"]
[Black "Balajayeva, Khanim Asad Qizi"]
[Result "0-1"]
[WhiteElo "1737"]
[BlackElo "2332"]
[PlyCount "124"]
[EventDate "2018.07.25"]
[EventType "team-tourn"]
[EventRounds "13"]
[EventCountry "TUR"]
[SourceTitle "CBM 185 Extra"]
[Source "ChessBase"]
[SourceDate "2018.07.29"]
[SourceVersion "1"]
[SourceVersionDate "2018.07.29"]
[SourceQuality "1"]
[WhiteTeam "Darassufaka Spor"]
[BlackTeam "Genc Akademisyenler"]
[WhiteTeamCountry "TUR"]
[BlackTeamCountry "TUR"]

1. e4 d5 2. exd5 Qxd5 3. Nc3 Qd6 4. d4 Nf6 5. Nf3 g6 6. h3 Bg7 7. Be3 0-0 8. Qd2 a6 9. Be2 b5 10. a3 Bb7 11. 0-0 Nbd7 12. Bf4 Qb6 13. Rad1 Rad8 14. Be3 Ba8 15. Qc1 Qb8 16. Rfe1 Qc8 17. Na2 Nb6 18. b3 Nbd5 19. c4 bxc4 20. bxc4 Nxe3 21. Qxe3 e6 22. Nb4 a5 23. Nd3 Ne4 24. Nc1 c5 25. Nb3 cxd4 26. Nbxd4 Qc5 27. Bf1 a4 28. Nc2 Qe7 29. Nb4 Bc3 30. Rxd8 Rxd8 31. Rc1 Bxb4 32. axb4 Qxb4 33. c5 Qb3 34. Qe1 Rc8 35. c6 Nd6 36. c7 Qb6 37. Qc3 Ne8 38. Qa3 Bxf3 39. gxf3 Rxc7 40. Rxc7 Nxc7 41. Qxa4 Nd5 42. Qa8+ Kg7 43. Qa1+ f6 44. Qa4 Qd6 45. Qa7+ Kh6 46. Qd4 Qf4 47. Qxf4+ Nxf4 48. Kh2 Kg5 49. Kg3 Nh5+ 50. Kg2 Kh4 51. Bc4 Nf4+ 52. Kh2 Nxh3 53. Bxe6 Nxf2 54. Bg8 h5 55. Bh7 Kg5 56. Kg3 Nd3 57. Kg2 Ne5 58. Kg3 h4+ 59. Kf2 Kf4 60. Kg2 f5 61. Kh3 g5 62. Kg2 Nxf3 0-1

[Event "TUR-chT 1st League"]
[Site "Konya"]
[Date "2017.07.20"]
[Round "5.2"]
[White "Erece, Ece Alkim"]
[Black "Yorgun, Yaren Naz"]
[Result "1-0"]
[WhiteElo "1829"]
[BlackElo "1733"]
[PlyCount "99"]
[EventDate "2017.07.17"]
[EventType "team-swiss"]
[EventRounds "9"]
[EventCountry "TUR"]
[SourceTitle "CBM 179 Extra"]
[Source "ChessBase"]
[SourceDate "2017.08.23"]
[SourceVersion "1"]
[SourceVersionDate "2017.08.23"]
[SourceQuality "1"]
[WhiteTeam "Bursa Buyuksehir"]
[BlackTeam "Istanbul Darussafaka"]
[WhiteTeamCountry "TUR"]
[BlackTeamCountry "TUR"]

1. e4 c5 2. Nf3 g6 3. d4 cxd4 4. Nxd4 Bg7 5. c4 Nc6 6. Be3 Nf6 7. Nc3 0-0 8. Be2 d6 9. 0-0 Bd7 10. Qd2 Nxd4 11. Bxd4 Bc6 12. Bd3 Nd7 13. Bxg7 Kxg7 14. b4 b6 15. Rae1 Rc8 16. Re3 Rh8 17. Rh3 h6 18. f4 Nf6 19. Qe2 Bd7 20. Rg3 Bg4 21. Rxg4 Nxg4 22. Qxg4 b5 23. f5 bxc4 24. fxg6 fxg6 25. Qe6 Rf8 26. Rxf8 Qxf8 27. Bxc4 a6 28. Ne2 Rb8 29. a3 Qf6 30. Qxf6+ Kxf6 31. Kf2 Ke5 32. Ke3 Rb6 33. Nf4 Rc6 34. Nd3+ Kf6 35. Kd4 e6 36. a4 g5 37. b5 axb5 38. axb5 Rb6 39. Nb2 d5 40. exd5 exd5 41. Kxd5 Kf5 42. Na4 Rb8 43. b6 Kg4 44. Kc6 h5 45. Kc7 Rxb6 46. Nxb6 h4 47. Kd6 Kf4 48. Be6 g4 49. Nd5+ Kg5 50. Ke5 1-0

[Event "TUR-chT 1st League"]
[Site "Konya"]
[Date "2017.07.20"]
[Round "6.1"]
[White "Yorgun, Yaren Naz"]
[Black "Sahin, Hayrun Nisa"]
[Result "1/2-1/2"]
[WhiteElo "1733"]
[BlackElo "1576"]
[PlyCount "61"]
[EventDate "2017.07.17"]
[EventType "team-swiss"]
[EventRounds "9"]
[EventCountry "TUR"]
[SourceTitle "CBM 179 Extra"]
[Source "ChessBase"]
[SourceDate "2017.08.23"]
[SourceVersion "1"]
[SourceVersionDate "2017.08.23"]
[SourceQuality "1"]
[WhiteTeam "Istanbul Darussafaka"]
[BlackTeam "Izmir Rota Koleji"]
[WhiteTeamCountry "TUR"]
[BlackTeamCountry "TUR"]

1. e4 g6 2. d4 Bg7 3. Nf3 d6 4. Nc3 a6 5. Be3 b5 6. a3 Bb7 7. Nd2 Nd7 8. Be2 Ngf6 9. 0-0 0-0 10. f3 c5 11. dxc5 Nxc5 12. Qe1 Rc8 13. Rd1 Nfd7 14. Qh4 Nb6 15. Ndb1 Nca4 16. Nxa4 Nxa4 17. b3 Nc5 18. Rd2 Rc6 19. Qf2 Qc7 20. Rfd1 Rc8 21. Bf1 Qb8 22. Bg5 R6c7 23. Be3 Ba8 24. Qe2 Qb7 25. Kh1 Rb8 26. Qf2 a5 27. Bd4 Bh6 28. Be3 Bg7 29. Bd4 Bh6 30. Be3 Bg7 31. Bd4 1/2-1/2

[Event "EU School-ch U15 Girls"]
[Site "Budva"]
[Date "2017.06.13"]
[Round "3.5"]
[White "Yorgun, Yaren Naz"]
[Black "Baspinar, Lara"]
[Result "1-0"]
[WhiteElo "1735"]
[BlackElo "1634"]
[PlyCount "131"]
[EventDate "2017.06.11"]
[EventType "swiss"]
[EventRounds "9"]
[EventCountry "MNE"]
[SourceTitle "EXT 2024"]
[Source "ChessBase"]
[SourceDate "2023.10.10"]
[SourceVersion "1"]
[SourceVersionDate "2023.10.10"]
[SourceQuality "1"]

1. e4 c5 2. Nc3 Nc6 3. Nf3 g6 4. d4 cxd4 5. Nxd4 Bg7 6. Be3 d6 7. Bc4 Nf6 8. h3 Bd7 9. Bb3 Qa5 10. 0-0 0-0 11. Re1 Rac8 12. Qe2 a6 13. Rad1 Rfe8 14. Nd5 Nxd5 15. exd5 Nxd4 16. Bxd4 Bxd4 17. Rxd4 Bf5 18. c3 Rc5 19. Ba4 Rcc8 20. Bxe8 Rxe8 21. Qd2 Qc7 22. Qf4 b5 23. Red1 a5 24. a3 Kg7 25. Qd2 h5 26. Rh4 Rh8 27. Qe2 Qd7 28. Re1 e5 29. dxe6 Bxe6 30. Rd4 Rc8 31. Red1 d5 32. a4 Rc4 33. axb5 Qxb5 34. Qe5+ Kh7 35. Rxc4 Qxc4 36. Qd4 Qa2 37. Qd2 a4 38. Qc1 Qb3 39. Rd4 Qa2 40. Rd1 Qc4 41. Qa1 Qb3 42. Rd2 Kg7 43. Qa3 Qb5 44. Qb4 Qa6 45. Qd4+ Kh7 46. Qc5 Qb7 47. Qa5 Qb3 48. Qb4 Qa2 49. Rd1 Kg7 50. Qa3 Qc4 51. Rd4 Qe2 52. Qa1 Bd7 53. Rxd5 Bc6 54. Rd4 Qe5 55. Qc1 Qb5 56. Qd2 Qb7 57. f3 Qb6 58. Kh1 Qb5 59. c4 Qf5 60. Qd1 Kh7 61. Rd6 Bb7 62. Rd8 Kg7 63. Qd4+ Qf6 64. Qxf6+ Kxf6 65. Rb8 Bc6 66. Rb6 1-0

[Event "EU School-ch U15 Girls"]
[Site "Budva"]
[Date "2017.06.12"]
[Round "2.4"]
[White "Kasaeva, Sofiia"]
[Black "Yorgun, Yaren Naz"]
[Result "1-0"]
[WhiteElo "1695"]
[BlackElo "1735"]
[PlyCount "119"]
[EventDate "2017.06.11"]
[EventType "swiss"]
[EventRounds "9"]
[EventCountry "MNE"]
[SourceTitle "EXT 2024"]
[Source "ChessBase"]
[SourceDate "2023.10.10"]
[SourceVersion "1"]
[SourceVersionDate "2023.10.10"]
[SourceQuality "1"]

1. e4 e6 2. d4 d5 3. Nd2 Nf6 4. e5 Nfd7 5. Bd3 c5 6. c3 Nc6 7. Ne2 cxd4 8. cxd4 f6 9. exf6 Nxf6 10. Nf3 Bd6 11. 0-0 Qc7 12. h3 0-0 13. Be3 Bd7 14. Rc1 Rac8 15. a3 Qb8 16. Qd2 a6 17. Rfe1 b5 18. Bb1 b4 19. Qd3 bxa3 20. bxa3 Qb5 21. Rc3 Qxd3 22. Bxd3 Nb8 23. Rec1 Rxc3 24. Rxc3 Rc8 25. Rxc8+ Bxc8 26. Bf4 Bxf4 27. Nxf4 Nc6 28. Kf1 Kf8 29. Ke2 g5 30. Nxg5 Nxd4+ 31. Ke3 e5 32. Ne2 Nxe2 33. Bxe2 d4+ 34. Kd2 e4 35. Bc4 Ke7 36. f3 exf3 37. Nxf3 Kd6 38. Nxd4 Bb7 39. Nf3 Kc5 40. Bd3 a5 41. Ke2 h6 42. g3 Bc8 43. h4 Ng4 44. Nd2 Kd4 45. Nb3+ Kc3 46. Nxa5 Ne5 47. Bb5 Kb2 48. a4 Kc3 49. Ke3 Ng4+ 50. Kf4 Kb4 51. Nc6+ Kc5 52. Ne5 Nf6 53. Nf7 Nh5+ 54. Kf3 Bb7+ 55. Kf2 Nf6 56. Nxh6 Ne4+ 57. Kf3 Nf6+ 58. Kf4 Nh5+ 59. Kg4 Ng7 60. Kg5 1-0

[Event "EU School-ch U15 Girls"]
[Site "Budva"]
[Date "2017.06.11"]
[Round "1.6"]
[White "Yorgun, Yaren Naz"]
[Black "Kamaeva, Dzhamilya"]
[Result "1-0"]
[WhiteElo "1735"]
[BlackElo "1584"]
[PlyCount "77"]
[EventDate "2017.06.11"]
[EventType "swiss"]
[EventRounds "9"]
[EventCountry "MNE"]
[SourceTitle "EXT 2024"]
[Source "ChessBase"]
[SourceDate "2023.10.10"]
[SourceVersion "1"]
[SourceVersionDate "2023.10.10"]
[SourceQuality "1"]

1. e4 e5 2. Nf3 Nc6 3. Nc3 Bc5 4. Bc4 Nf6 5. 0-0 0-0 6. d3 d6 7. Bg5 h6 8. Bh4 Be6 9. Nd5 Bg4 10. Qd2 Kh7 11. Bxf6 gxf6 12. Nh4 Rg8 13. Kh1 Nd4 14. c3 Ne6 15. f3 Bh5 16. Nf5 Ng5 17. h4 c6 18. Nb4 a5 19. Nc2 d5 20. exd5 cxd5 21. Bb5 Bg6 22. Ng3 Ne6 23. d4 Bd6 24. h5 Qb6 25. hxg6+ Rxg6 26. Bd3 e4 27. fxe4 Bxg3 28. exd5 Ng5 29. Bxg6+ fxg6 30. Qe3 Qxb2 31. Qxg3 Qxc2 32. Rxf6 Rc8 33. Re1 Rg8 34. Rf2 Qa4 35. Re7+ Rg7 36. Rxg7+ Kxg7 37. Qe5+ Kh7 38. Qe7+ Nf7 39. Rxf7+ 1-0

[Event "TUR-chT2"]
[Site "Konya"]
[Date "2016.07.21"]
[Round "7.4"]
[White "Erdem, Yagmur"]
[Black "Yorgun, Yaren Naz"]
[Result "1/2-1/2"]
[WhiteElo "1266"]
[BlackElo "1635"]
[PlyCount "124"]
[EventDate "2016.07.17"]
[EventType "team-swiss"]
[EventRounds "9"]
[EventCountry "TUR"]
[SourceTitle "CBM 173 Extra"]
[Source "ChessBase"]
[SourceDate "2016.08.29"]
[SourceVersion "1"]
[SourceVersionDate "2016.08.29"]
[SourceQuality "1"]
[WhiteTeam "Ankara Dernegi"]
[BlackTeam "Istanbul Darussafaka"]
[WhiteTeamCountry "TUR"]
[BlackTeamCountry "TUR"]

1. d4 d5 2. Nf3 Nf6 3. Bf4 e6 4. e3 Nbd7 5. Nbd2 c5 6. c3 b6 7. Bd3 Be7 8. 0-0 Bb7 9. Re1 0-0 10. Bg3 Rc8 11. e4 dxe4 12. Nxe4 cxd4 13. Nxf6+ Nxf6 14. Nxd4 Qd5 15. Nf3 Rfd8 16. Be2 Qc5 17. Qc2 h6 18. Rad1 Ne4 19. a3 Nxg3 20. hxg3 Bd6 21. Nd4 Be5 22. Nb3 Qc7 23. Bd3 Bd5 24. Be4 Bc4 25. Nd2 Bb5 26. Nf3 Bf6 27. Bd3 Bxd3 28. Rxd3 Rxd3 29. Qxd3 Rd8 30. Qe2 Qd6 31. Kf1 Kf8 32. Ne5 Bxe5 33. Qxe5 Qxe5 34. Rxe5 Rd2 35. Re2 Rd1+ 36. Re1 Rd5 37. Re4 Rb5 38. Rb4 Rxb4 39. axb4 Ke7 40. Ke2 Kd6 41. Kd3 Kd5 42. f4 a5 43. c4+ Kc6 44. bxa5 bxa5 45. Kd4 a4 46. Kc3 Kc5 47. b4+ axb3 48. Kxb3 h5 49. Kc3 f6 50. Kd3 e5 51. fxe5 fxe5 52. Ke4 Kxc4 53. Kxe5 Kd3 54. Kf4 g6 55. g4 Ke2 56. Kg3 Ke3 57. gxh5 gxh5 58. Kh4 Kf2 59. g3 Kf3 60. Kh3 Kf2 61. Kh4 Kf3 62. Kxh5 Kxg3 1/2-1/2

[Event "TUR-chT2"]
[Site "Konya"]
[Date "2016.07.19"]
[Round "4.5"]
[White "Dursun, Poyraz"]
[Black "Yorgun, Yaren Naz"]
[Result "0-1"]
[WhiteElo "1690"]
[BlackElo "1635"]
[PlyCount "104"]
[EventDate "2016.07.17"]
[EventType "team-swiss"]
[EventRounds "9"]
[EventCountry "TUR"]
[SourceTitle "CBM 173 Extra"]
[Source "ChessBase"]
[SourceDate "2016.08.29"]
[SourceVersion "1"]
[SourceVersionDate "2016.08.29"]
[SourceQuality "1"]
[WhiteTeam "Denizli Pamukkale Uni"]
[BlackTeam "Istanbul Darussafaka"]
[WhiteTeamCountry "TUR"]
[BlackTeamCountry "TUR"]

1. e4 c5 2. Nf3 Nc6 3. d4 cxd4 4. Nxd4 g6 5. Nc3 Bg7 6. Nb3 Nf6 7. Be2 d6 8. 0-0 0-0 9. Re1 a6 10. Bf1 b5 11. Nd5 Nxd5 12. exd5 Ne5 13. Bg5 Bf6 14. Bxf6 exf6 15. Qd2 Bb7 16. Rad1 Rc8 17. c3 Kg7 18. Re3 Qd7 19. Kh1 Rfe8 20. Qd4 Nc4 21. Rxe8 Qxe8 22. Bxc4 Rxc4 23. Qd2 Re4 24. h3 Re2 25. Qf4 Re1+ 26. Rxe1 Qxe1+ 27. Kh2 Qe5 28. Qxe5 fxe5 29. Nd2 Bxd5 30. b3 f5 31. Kg3 Kf6 32. f3 g5 33. Kf2 Be6 34. g4 d5 35. Nf1 h6 36. Ke3 Ke7 37. Kf2 Kd6 38. Ng3 f4 39. Ne2 Kc5 40. Nc1 e4 41. Ne2 Bc8 42. a3 a5 43. b4+ axb4 44. axb4+ Kc4 45. Nd4 e3+ 46. Ke2 Kxc3 47. Nxb5+ Kxb4 48. Nd4 Ba6+ 49. Ke1 Kc3 50. Ne6 d4 51. Nc5 Bb5 52. Ne4+ Kc2 0-1